000 00609nam a22001937a 4500
005 20160720112038.0
010 _aENG-115459
020 _a9789385493058
_c210.00
035 _aEN-98991
037 _bDBAD/PUB
082 _a000
245 _aRathore general knowledge /
_cedited by Kunwar Ishwar Singh Rathore
250 _aed. 2016
260 _aNew Delhi
_bRathore Publishers & Distributors
_c2016
270 _a202, 2nd Floor 4832/24 Ansari Road,Daryaganj
_bNew Delhi
_e110002
300 _a301p.
_c24cm(pbk)
700 _aRathore,Kunwar Ishwar Singh
942 _2ddc
_cEN
_h000
_mRAT
999 _c101366
_d101366